<?xml version="1.0" encoding="UTF-8"?>
<collection xmlns="http://www.loc.gov/MARC21/slim">
 <record>
  <leader>01863nam a22002417a 4500</leader>
  <controlfield tag="001">NCT_63065</controlfield>
  <controlfield tag="008">190410b        xxu||||| |||| 00| 0 vie d</controlfield>
  <datafield tag="999" ind1=" " ind2=" ">
   <subfield code="c">3051</subfield>
   <subfield code="d">3051</subfield>
  </datafield>
  <datafield tag="020" ind1=" " ind2=" ">
   <subfield code="a">9786046632016</subfield>
   <subfield code="c">520000</subfield>
  </datafield>
  <datafield tag="082" ind1="0" ind2="4">
   <subfield code="2">23rd ed.</subfield>
   <subfield code="a">615</subfield>
   <subfield code="b">D557Đ/T.1</subfield>
  </datafield>
  <datafield tag="245" ind1="1" ind2="0">
   <subfield code="a">Dược điển Việt Nam =</subfield>
   <subfield code="b">Pharmacopoeia Vietnamica</subfield>
   <subfield code="n">Tập 1</subfield>
   <subfield code="c">Bộ Y tế</subfield>
  </datafield>
  <datafield tag="250" ind1=" " ind2=" ">
   <subfield code="a">Lần xuất bản thứ 5 (tái bản lần thứ 1)</subfield>
  </datafield>
  <datafield tag="260" ind1=" " ind2=" ">
   <subfield code="a">H.</subfield>
   <subfield code="b">Y học</subfield>
   <subfield code="c">2018</subfield>
  </datafield>
  <datafield tag="300" ind1=" " ind2=" ">
   <subfield code="a">XLIX, 986 tr., ML-35</subfield>
   <subfield code="c">27cm</subfield>
  </datafield>
  <datafield tag="520" ind1="3" ind2=" ">
   <subfield code="a">Dược điển Việt Nam xuất bản lần thứ 5 có 228 chuyên mục chung, 485 nguyên liệu hóa học, 385 thành phẩm hóa dược, 372 dược liệu và thuốc từ dược liệu, 41 vắc xin và sinh phẩm y tế, 8 bao bì và nguyên liệu sản xuất bao bì. Với nội dung tăng lên đương với khoảng 2200 trang sách.</subfield>
  </datafield>
  <datafield tag="653" ind1=" " ind2=" ">
   <subfield code="a">Dược học</subfield>
  </datafield>
  <datafield tag="942" ind1=" " ind2=" ">
   <subfield code="2">ddc</subfield>
   <subfield code="c">BK</subfield>
  </datafield>
  <datafield tag="952" ind1=" " ind2=" ">
   <subfield code="0">0</subfield>
   <subfield code="1">0</subfield>
   <subfield code="2">ddc</subfield>
   <subfield code="4">0</subfield>
   <subfield code="6">615_000000000000000_D557Đ_T_1</subfield>
   <subfield code="7">0</subfield>
   <subfield code="9">16546</subfield>
   <subfield code="a">000001</subfield>
   <subfield code="b">000001</subfield>
   <subfield code="d">2019-04-10</subfield>
   <subfield code="o">615 D557Đ/T.1</subfield>
   <subfield code="p">MD.15180</subfield>
   <subfield code="r">2019-04-10</subfield>
   <subfield code="v">520000.00</subfield>
   <subfield code="w">2019-04-10</subfield>
   <subfield code="y">BK</subfield>
  </datafield>
  <datafield tag="952" ind1=" " ind2=" ">
   <subfield code="0">0</subfield>
   <subfield code="1">0</subfield>
   <subfield code="2">ddc</subfield>
   <subfield code="4">0</subfield>
   <subfield code="6">615_000000000000000_D557Đ_T_1</subfield>
   <subfield code="7">0</subfield>
   <subfield code="9">16547</subfield>
   <subfield code="a">000001</subfield>
   <subfield code="b">000001</subfield>
   <subfield code="d">2019-04-10</subfield>
   <subfield code="o">615 D557Đ/T.1</subfield>
   <subfield code="p">MD.15181</subfield>
   <subfield code="r">2019-04-10</subfield>
   <subfield code="v">520000.00</subfield>
   <subfield code="w">2019-04-10</subfield>
   <subfield code="y">BK</subfield>
  </datafield>
  <datafield tag="952" ind1=" " ind2=" ">
   <subfield code="0">0</subfield>
   <subfield code="1">0</subfield>
   <subfield code="2">ddc</subfield>
   <subfield code="4">0</subfield>
   <subfield code="6">615_000000000000000_D557Đ_T_1</subfield>
   <subfield code="7">0</subfield>
   <subfield code="9">16548</subfield>
   <subfield code="a">000001</subfield>
   <subfield code="b">000001</subfield>
   <subfield code="d">2019-04-10</subfield>
   <subfield code="o">615 D557Đ/T.1</subfield>
   <subfield code="p">MD.15182</subfield>
   <subfield code="r">2019-04-10</subfield>
   <subfield code="v">520000.00</subfield>
   <subfield code="w">2019-04-10</subfield>
   <subfield code="y">BK</subfield>
  </datafield>
  <datafield tag="952" ind1=" " ind2=" ">
   <subfield code="0">0</subfield>
   <subfield code="1">0</subfield>
   <subfield code="2">ddc</subfield>
   <subfield code="4">0</subfield>
   <subfield code="6">615_000000000000000_D557Đ_T_1</subfield>
   <subfield code="7">0</subfield>
   <subfield code="9">16549</subfield>
   <subfield code="a">000001</subfield>
   <subfield code="b">000001</subfield>
   <subfield code="d">2019-04-10</subfield>
   <subfield code="o">615 D557Đ/T.1</subfield>
   <subfield code="p">MD.15183</subfield>
   <subfield code="r">2019-04-10</subfield>
   <subfield code="v">520000.00</subfield>
   <subfield code="w">2019-04-10</subfield>
   <subfield code="y">BK</subfield>
  </datafield>
  <datafield tag="952" ind1=" " ind2=" ">
   <subfield code="0">0</subfield>
   <subfield code="1">0</subfield>
   <subfield code="2">ddc</subfield>
   <subfield code="4">0</subfield>
   <subfield code="6">615_000000000000000_D557Đ_T_1</subfield>
   <subfield code="7">0</subfield>
   <subfield code="9">16550</subfield>
   <subfield code="a">000001</subfield>
   <subfield code="b">000001</subfield>
   <subfield code="d">2019-04-10</subfield>
   <subfield code="o">615 D557Đ/T.1</subfield>
   <subfield code="p">MD.15184</subfield>
   <subfield code="r">2019-04-10</subfield>
   <subfield code="v">520000.00</subfield>
   <subfield code="w">2019-04-10</subfield>
   <subfield code="y">BK</subfield>
  </datafield>
  <datafield tag="980" ind1=" " ind2=" ">
   <subfield code="a">Thư viện Trường Đại học Nam Cần Thơ</subfield>
  </datafield>
 </record>
</collection>
